000 00739cam a22002653a 4500
001 25887
003 PGUSA
005 20140828083545.0
008 080623s2008||||xxu|||||s|||||000 | eng d
040 _aPGUSA
_beng
042 _adc
050 4 _aQL
100 1 _aKindermann, Henny
245 1 0 _aLola; Or, The Thought and Speech of Animals
_h[electronic resource] /
_cHenny Kindermann
260 _bProject Gutenberg,
_c2008
506 _aPublic domain in the USA.
516 _aElectronic text
653 _aDogs -- Folklore
653 _aAnimal intelligence
700 1 _aMackenzie, William
700 1 _aBlake, Agnes
830 0 _aProject Gutenberg
_v25887
856 4 0 _uhttp://www.gutenberg.org/ebooks/25887
942 _cEB
999 _c255142
_d255142